000 00952cam a2200229 4500
001 ABS64320
008 010823n2001 000 0 eng u
035 _a(Sirsi) u114300
100 _aRawling, B
245 _aConditions precedent
260 _c2001
490 _aSurveying News
_v10(6) July 2001, 30-32(3)
520 _aSince the introduction of forms of contract, contracts have increasingly included conditions precedent. A condition precedent is a provision where a contractor must comply with certain specified procedures or else waive his rights to those remedies which would have been available to him. Explains the requirements for conditions precedent and where and how these can be applied.
590 _aABS
650 _aCONDITIONS PRECEDENT
650 _aREQUIREMENTS
650 _aCONTRACTORS
650 _aLEGAL REMEDY
650 _aCONTRACT CLAUSES
690 _aBUILT ENVIRONMENT-BUILDING CONTRACT FORMS
942 _n0
999 _c68074
_d68074